000 00865nam a22002537a 4500
999 _c5064
_d5064
003 AR-CdUCM
008 190311b ||||| |||| 00| 0 spa d
020 _a968-888-273-9
040 _aMUNICIPALIDAD PROVINCIAL DEL CUSCO
_cBIBLIOTECA MUNICIPAL DEL CUSCO
041 _heng
082 _a901 /
_bB84
100 _aBrower, Daniel R.
_915450
245 _aEl mundo en el siglo XX :
_bla era de la guerra global y la revolución /
260 _aMéxico :
_bEdiciones Prisma,
_c1988.
300 _a457 páginas ;
_bilustraciones,
_c20 cm.
505 _aContenido: La era de la Guerra Global -- La era de la Revoluciones.
650 _aRevoluciones
_9627
650 _aSiglo XX
_98
650 _aPrimera Guerra Mundial
_94007
650 _aSegunda Guerra Mundial
_93550
700 _aFlores, Del Carmen (traducción)
_915451
942 _2ddc
_cLIBROS
945 _aachl